000 00289nam a2200121Ia 4500
008 190216s9999||||xx |||||||||||||| ||und||
100 _aChristopher E Strangio
245 0 _aDigital Electronics
260 _bPrentice Hall India
_c1984
300 _a523p
650 _aPhysics
942 _cBK
999 _c32993
_d32993